[Event "Bouches du Rhone-ch 0203"]
[Site "Provence"]
[Date "2003.03.29"]
[Round "9"]
[White "Vella, Cedric"]
[Black "Colandrea, Sauveur"]
[Result "1/2-1/2"]
[WhiteElo "1890"]
[BlackElo "1790"]
[PlyCount "50"]
[EventDate "2002.10.??"]
[EventType "swiss"]
[EventRounds "9"]
[EventCountry "FRA"]
[SourceTitle "EXT 2005"]
[Source "ChessBase"]
[SourceDate "2004.11.15"]
[SourceVersion "1"]
[SourceVersionDate "2004.11.15"]
[SourceQuality "1"]

1. e4 g6 2. d4 Bg7 3. Nc3 d6 4. Bc4 c6 5. Bb3 b5 6. Nxb5 Qb6 7. Nc3 Bxd4 8. Qf3 e6 9. Nge2 Bg7 10. Be3 Qc7 11. Bd4 e5 12. Be3 Nf6 13. h3 0-0 14. 0-0 Be6 15. Bg5 Nbd7 16. Qe3 Nc5 17. f4 Nfd7 18. Rad1 Rfe8 19. Qd2 exf4 20. Bxf4 Qb6 21. Kh1 Bxb3 22. axb3 Nf6 23. Ng3 Nfxe4 24. Ngxe4 Nxe4 25. Nxe4 Rxe4 1/2-1/2